Riconosci lo Stato - Quiz n°116 - Statistics

Statistiche generali
  • Questo quiz è stato fatto 22 volte
  • Il punteggio medio è 12 su 13
Statistiche sulle risposte
Indizio Risposta % Corretto
Popolazione 195 843 ab.
100%
Indipendenza 1º gennaio 1962 dalla Nuova Zelanda
100%
Valuta Tālā
100%
ISU 0,688
94%
Superficie 2 944 km²
94%
Iniziale della Capitale A
94%
Primo ministro Fiamē Naomi Mataʻafa
94%
Forma di Governo Monarchia parlamentare elettiva
94%
O le Ao o le Malo (Re) Va'aleto'a Sualauvi II
94%
Tasso di crescita 0,596%
88%
PIL (nominale) 690 milioni di $
88%
Risposta Samoa
88%
Fuso Orario UTC+13
88%
Nessun quiz corrispondente trovato
Distribuzione punteggi
Percentuale di utenti per punteggio
Percentile per numero di risposta
I tuoi punteggi nel tempo
Non hai fatto questo quiz